La familia

שמור ב:
מידע ביבליוגרפי
מחבר ראשי: Hoffmaister Tores, Willy
פורמט: Texto
יצא לאור: San José: OFIPLAN
תגים: הוספת תג
אין תגיות, היה/י הראשונ/ה לתייג את הרשומה!

MARC

LEADER 00000 a a2200000 04500
001 17072
003
040
090 |a 008000  
100 |a Hoffmaister Tores, Willy  
245 |a La familia  
260 |a San José:   |b OFIPLAN  
300 |a 16 p.  
999 |c 493  |d 493